[Event "IECC CL2-2017.05 email"]
[Site "IECC email"]
[Date "2017.09.19"]
[Round "?"]
[White "Kasznia, Ireneusz"]
[Black "Cacheiro Martinez, Martin"]
[Result "1-0"]
[WhiteElo "2013"]
[BlackElo "2004"]
[PlyCount "83"]
[EventDate "2017.??.??"]
[EventType "tourn (corr)"]
[EventRounds "4"]
[SourceTitle "Corr 2020"]
[Source "ChessBase"]
[SourceDate "2019.09.30"]
[SourceVersion "1"]
[SourceVersionDate "2019.09.30"]
[SourceQuality "1"]
[WhiteTeam "Poland"]
[BlackTeam "Spain"]
[WhiteTeamCountry "POL"]
[BlackTeamCountry "ESP"]

1. Nf3 f5 2. d4 Nf6 3. Bf4 g6 4. e3 Bg7 5. c4 0-0 6. Nc3 d6 7. Qb3 Kh8 8. Be2 c6 9. 0-0 Qe8 10. h3 Nbd7 11. Bg3 e5 12. Rad1 h6 13. Qc2 a5 14. a3 Qe7 15. c5 Qe6 16. cxd6 e4 17. Nd2 b5 18. f3 b4 19. Ncxe4 fxe4 20. fxe4 Ba6 21. Bxa6 Rxa6 22. e5 Ne8 23. Qc4 Qxc4 24. Nxc4 Kg8 25. e6 Ndf6 26. d7 Nxd7 27. exd7 Nf6 28. Bd6 Nxd7 29. Bxf8 Bxf8 30. axb4 Bxb4 31. Rf3 Ra8 32. Rdf1 Rd8 33. Rf7 h5 34. g4 h4 35. b3 Nf8 36. Rc7 c5 37. d5 Nd7 38. e4 Bc3 39. Kg2 Bd4 40. Rc6 Rb8 41. Rxg6+ Kh7 42. Re6 1-0